| 000 | 00690nam a2200181 i 4500 | ||
|---|---|---|---|
| 001 | 43466 | ||
| 003 | ES-MaACL | ||
| 005 | 20230906160812.0 | ||
| 007 | t| | ||
| 008 | 030317s1886 sp ||||1| spa d | ||
| 100 | 1 |
_aC. G. M. _933033 |
|
| 245 | 1 | 3 |
_aEl catolicismo y la cuestión social _b: examen crítico de los acuerdos del Congreso Católico de Lieja / _cpor C.G.M. |
| 260 |
_aSabadell : _b[s.n.], _c1886 ( _fImp. Juan Comas Faura) |
||
| 300 |
_a63, [3] p. ; _c17 cm. |
||
| 597 | _aEn las 3 últimas p.: anuncios de publicaciones de carácter social. | ||
| 650 | 4 |
_aPolítica social. _916308 |
|
| 852 | 4 |
_aES-MaACL _jT-712-F-4 _z- Dedicatoria manuscrita del autor a Gustavo Saenz Díez |
|
| 999 |
_c43466 _d43466 |
||